| 000 | 00573nam a2200193 a 4500 | ||
|---|---|---|---|
| 001 | 12623 | ||
| 003 | CO-ViMGA | ||
| 008 | 141112s2004 ck r 000 u spa d | ||
| 020 | _a9586552470 | ||
| 040 |
_aCO-ViMGA _bspa _cCO-ViMGA |
||
| 082 | 0 | 4 | _a070.572 L69dl |
| 100 | 1 |
_aLozano, Uriel _918240 |
|
| 245 | 1 | 0 | _aDirectrices para un editor academico de revistas |
| 260 |
_aMedellĂn : _bUniversidad de Antioquia, _c1996 |
||
| 300 | _a72p. | ||
| 650 | 1 | 4 |
_aEDICION DE REVISTAS - MANUALES _918241 |
| 650 | 1 | 4 |
_aPUBLICACONES SERIADAS - NORMAS - MANUALES _918242 |
| 942 |
_2ddc _cBK |
||
| 999 |
_c23614 _d23614 |
||